Past, Present and Future of International Parliamentary Institutions/
সংরক্ষণ করুন:
| প্রধান লেখক: | |
|---|---|
| বিন্যাস: | অজ্ঞাত |
| ভাষা: | English |
| প্রকাশিত: |
Italia :
Einstein Center for International Studies
|
| অনলাইন ব্যবহার করুন: | texto completo desde el sitio de la revista |
| ট্যাগগুলো: |
ট্যাগ যুক্ত করুন
কোনো ট্যাগ নেই, প্রথমজন হিসাবে ট্যাগ করুন!
|
MARC
| LEADER | 00000 a2200000 04500 | ||
|---|---|---|---|
| 001 | 46602 | ||
| 003 | cru CIDCACS/IIS | ||
| 005 | 20191017150532.0 | ||
| 008 | 191017s2016 it t| p|r || ||eng|d | ||
| 999 | |c 42500 |d 42500 | ||
| 040 | |c cru CIDCACS/IIS | ||
| 100 | 1 | |9 8708 |a Cofelice, Andrea | |
| 245 | 1 | |a Past, Present and Future of International Parliamentary Institutions/ |c Andrea Cofelice | |
| 260 | |a Italia : |b Einstein Center for International Studies | ||
| 300 | |a páginas 17-20 | ||
| 856 | |u http://www.federalist-debate.org/index.php/component/k2/item/1074-past-present-and-future-of-international-parliamentary-institutions |y texto completo desde el sitio de la revista | ||
| 942 | |2 ddc |c PP | ||
| 773 | 0 | |0 4879 |9 3142 |a Einstein Center for International Studies |d Italia : Einstein Center for International Studies |o 17612 |t The Federalist Debate: |w (cru CIDCACS/IIS)46602 |x 15918483 | |
